header

Managing upward (Record no. 45982)

MARC details
000 -LEADER
fixed length control field 01379nam a2200337 a 4500
082 04 - DEWEY DECIMAL CLASSIFICATION NUMBER
Classification number 650.1/3
100 1# - MAIN ENTRY--AUTHOR NAME
Personal name Hathaway, Patti.
245 10 - TITLE STATEMENT
Title Managing upward
260 ## - PUBLICATION, DISTRIBUTION, ETC. (IMPRINT)
Place of publication Los Angeles, Calif. :
Name of publisher Crisp Publications,
Year of publication c1992.
300 ## - PHYSICAL DESCRIPTION
Number of Pages iv, 118 p. :
Other physical details ill.
490 1# - SERIES STATEMENT
Series statement Fifty minute series
500 ## - GENERAL NOTE
General note On Cover: Managing upward : strategies for succeeding with your boss. How to effectively "manage your boss."
650 #0 - SUBJECT ADDED ENTRY--TOPICAL TERM
Topical Term Managing your boss.
Topical Term Managing your boss
700 1# - ADDED ENTRY--PERSONAL NAME
Personal name Schubert, Susan D.
856 40 - ELECTRONIC LOCATION AND ACCESS
Uniform Resource Identifier http://site.ebrary.com/lib/rucke/Doc?id=10060420

No items available.

© 2026 Rongo University
Contact us: librarian | system librarian | Rongo university